Marx and Engel's on the use of parliamentary institutions: A study of Engel's introduction (Record no. 95660)

000 -LEADER
fixed length control field 00409pab a2200157 454500
008 - FIXED-LENGTH DATA ELEMENTS--GENERAL INFORMATION
fixed length control field 180718b2012 xxu||||| |||| 00| 0 eng d
100 ## - MAIN ENTRY--PERSONAL NAME
Personal name Rajimwale, Anil
245 ## - TITLE STATEMENT
Title Marx and Engel's on the use of parliamentary institutions: A study of Engel's introduction
260 ## - PUBLICATION, DISTRIBUTION, ETC.
Date of publication, distribution, etc. 2012
300 ## - PHYSICAL DESCRIPTION
Extent p.31-32.
362 ## - DATES OF PUBLICATION AND/OR SEQUENTIAL DESIGNATION
Dates of publication and/or sequential designation 12 May
650 ## - SUBJECT ADDED ENTRY--TOPICAL TERM
Topical term or geographic name entry element Mark, Karl
773 ## - HOST ITEM ENTRY
Main entry heading Mainstream
908 ## - PUT COMMAND PARAMETER (RLIN)
Put command parameter N
909 ## -
-- 95660
Holdings
Withdrawn status Lost status Damaged status Not for loan Permanent Location Current Location Date acquired Serial Enumeration / chronology Barcode Date last seen Price effective from Koha item type
        Indian Institute of Public Administration Indian Institute of Public Administration 2018-07-19 Volume no: 50, Issue no: 21 AR96120 2018-07-19 2018-07-19 Articles

Powered by Koha